Swedish hooligan firms - Statistics

General Stats
  • This quiz has been taken 29 times
  • The average score is 5 of 12
Answer Stats
Club ℌ Hooligan Firm ℌ % Correct
IFK Göteborg Wisemen
95%
AIK Firman boys
89%
Djurgårdens IF Djurgårdens fina grabbar
79%
Hammarby IF Kompisgängetbajen
74%
Malmö FF Brigada
58%
Helsingborgs IF Frontline
47%
GAIS Skogspatrullen
42%
Västerås SK Rudeboys
26%
Kristianstad IK Kristianstad Lealtá
11%
Örgryte IS Red fans clan
5%
IF Elfsborg Elfsborgs yngre
0%
Sirius Sirius yngsta
0%
No matching quizzes found
Score Distribution
Percent of People with Each Score
Percentile by Number Answered
Your Score History
You have not taken this quiz